000 006550000a22002050004500
090 _aAR
_b02455
245 1 0 _aRevised checklist of north american mammals north of Mexico, 1979
650 1 4 _aDistribución geográfica
_992997
650 1 4 _aSistemática animal
_992968
650 1 4 _aMamíferos
_992510
650 1 4 _aTaxonomía animal
_98245
651 4 _pMéxico
_992749
651 4 _pEstados Unidos
_992749
041 0 _aInglés
700 1 _aCarter, Dilford C.
_994546
700 1 _aGenoways, Hugh H.
_993478
100 1 _aJones, J. Knox
_99498
942 _cARTICULO
773 1 _tOccasional Papers: Museum of Texas Tech University
_3430
_h62
_q1-17
_d1979
999 _c11522
_d11522